000 00352 a2200109 4500
001 ART_30618
005 20260410162003.0
008 260409a
245 1 0 _aIndicadores técnicos aplicados a entidades reaseguradoras
100 1 _aRodríguez, María Alejandra
773 0 _tForo económico
_g- Año III, Nº 4 (mayo 1997)
_wREV30369
999 _c31422
_d31422